MARC
| LEADER | 00000nam a22000007a 4500 | ||
|---|---|---|---|
| 003 | cru CIDCACS/IIS | ||
| 005 | 20200925161234.0 | ||
| 007 | ta | ||
| 008 | 170301| Uy ||||| |||| 00| 0 spa d | ||
| 040 | |c CRAI/IIS |a CRAI/IIS | ||
| 090 | |a REV0940 | ||
| 110 | |9 3210 |a Centro Latinoamericano sobre Juventud | ||
| 245 | 1 | |a Serie Estudios / |c Centro Latinoamericano sobre Juventud | |
| 260 | |a Uruguay: |b CELAJU | ||
| 500 | |a 1986 (15) | ||
| 650 | 1 | 0 | |9 978 |a JUVENTUD |
| 650 | 4 | |9 3211 |a METODOLOGIA | |
| 650 | 1 | 0 | |9 2449 |a SALUD |
| 942 | |2 ddc |c PP | ||
| 999 | |c 18960 |d 18960 | ||
